01004nam a2200241Ia 4500001000600000003000900006008004100015040001300056040001300069041001200082100001800094100002900112245007200141245005000213250001100263260001100274260002600285260004900311300005700360500027500417650003900692650003100731E7867IT-RoPAU130308s9999 xx 000 0 und d aIT-RoPAU cIT-RoPAU aINGLESE aMohammadi Ali gCodice Aut. SPICS: 36049 aCommunication and the Globalization process in the Developing World bInternational Communication And Globalization a1a ed. aLONDON bSage Publications Ltd c1997 [1° Ed.:1997 - Ed.Ling.Originale:1997] a"13 p. (prefazione: no ; testo: 13 [pagine: 67-89])" aComunicazione e Processo di globalizzazione Nei paesi in via di Sviluppo. Valutazione della Politica di Deregolamentazione e Impatti Dui paesi Poveri.Cambiamenti delle tecnologie della Comunicazione Nei sette paesi Piu' Industrializzati. Caso dell'Iran. satellite Venus. aTEORIA DELLA COMUNICAZIONE SOCIALE eCodice materia Spics: 3802